<?xml version="1.0" encoding="UTF-8"?>
<collection xmlns="http://www.loc.gov/MARC21/slim">
 <record>
  <leader>01568nam a22002297a 4500</leader>
  <controlfield tag="001">NCT_119929</controlfield>
  <controlfield tag="008">200522b        xxu||||| |||| 00| 0 vie d</controlfield>
  <datafield tag="999" ind1=" " ind2=" ">
   <subfield code="c">6133</subfield>
   <subfield code="d">6133</subfield>
  </datafield>
  <datafield tag="022" ind1=" " ind2=" ">
   <subfield code="a">0868-3522</subfield>
  </datafield>
  <datafield tag="041" ind1="0" ind2=" ">
   <subfield code="a">vie</subfield>
  </datafield>
  <datafield tag="082" ind1="0" ind2="4">
   <subfield code="2">23rd ed.</subfield>
   <subfield code="a">340</subfield>
   <subfield code="b">T109C</subfield>
  </datafield>
  <datafield tag="245" ind1="0" ind2="0">
   <subfield code="a">Tạp chí Luật học</subfield>
   <subfield code="b">= Hanoi law review</subfield>
   <subfield code="n">số 12</subfield>
   <subfield code="c">Trường Đại học Luật Hà Nội</subfield>
  </datafield>
  <datafield tag="260" ind1=" " ind2=" ">
   <subfield code="a">H.</subfield>
   <subfield code="b">Trường Đại học Luật Hà Nội</subfield>
   <subfield code="c">2019</subfield>
  </datafield>
  <datafield tag="300" ind1=" " ind2=" ">
   <subfield code="c">24cm</subfield>
  </datafield>
  <datafield tag="310" ind1=" " ind2=" ">
   <subfield code="a">Tháng 1 kỳ</subfield>
  </datafield>
  <datafield tag="362" ind1=" " ind2=" ">
   <subfield code="a">12/2019</subfield>
  </datafield>
  <datafield tag="520" ind1="3" ind2=" ">
   <subfield code="a">Cải cách đơn vị hành chính lãnh thổ ở Pháp và kinh nghiệm cho Việt Nam. Kiến nghị sửa đổi một số quy định về chế độ bảo hiểm tai nạn lao động, bệnh nghề nghiệp. Chính sách pháp luật về sở hữu đất đai vùng Tây Nguyên: Thực trạng và kiến nghị. Cơ chế pháp lý về phá sản chính quyền địa phương ở Hoa Kỳ. Hoàn thiện quy định pháp luật nhằm hạn chế &quot;tín dụng đen&quot; ở Việt Nam. Thực trạng đào tạo kỹ năng đàm phán, soạn thảo hợp đồng trong hoạt động thương mại tại Trường Đại học Luật Hà Nội</subfield>
  </datafield>
  <datafield tag="653" ind1=" " ind2=" ">
   <subfield code="a">Luật học</subfield>
  </datafield>
  <datafield tag="655" ind1=" " ind2=" ">
   <subfield code="a">Tạp chí</subfield>
  </datafield>
  <datafield tag="942" ind1=" " ind2=" ">
   <subfield code="2">ddc</subfield>
   <subfield code="c">CR</subfield>
  </datafield>
  <datafield tag="952" ind1=" " ind2=" ">
   <subfield code="0">0</subfield>
   <subfield code="1">0</subfield>
   <subfield code="2">ddc</subfield>
   <subfield code="4">0</subfield>
   <subfield code="6">340_000000000000000_T109C</subfield>
   <subfield code="7">0</subfield>
   <subfield code="9">23645</subfield>
   <subfield code="a">000001</subfield>
   <subfield code="b">000001</subfield>
   <subfield code="d">2022-05-09</subfield>
   <subfield code="o">340 T109C</subfield>
   <subfield code="r">2022-05-09</subfield>
   <subfield code="w">2022-05-09</subfield>
   <subfield code="y">CR</subfield>
  </datafield>
  <datafield tag="980" ind1=" " ind2=" ">
   <subfield code="a">Thư viện Trường Đại học Nam Cần Thơ</subfield>
  </datafield>
 </record>
</collection>
